|
|
|
|
| LEADER |
01558nam a22003977ia4500 |
| 001 |
001814670 |
| 003 |
CZ BrMZK |
| 005 |
20220208091732.0 |
| 007 |
ta |
| 008 |
220208s1893 gw er|||||||||||ger d |
| 040 |
|
|
|a ABA007
|b cze
|d ABA007
|d ABA013
|d BOA001
|e rda
|
| 072 |
|
7 |
|a 094.5
|x Tisky (19. století)
|2 Konspekt
|9 12
|
| 072 |
|
7 |
|a 514
|x Geometrie
|2 Konspekt
|9 13
|
| 080 |
|
|
|a 514 (042.3)
|2 MRF
|
| 080 |
|
|
|a 514.18 (042.3)
|2 MRF
|
| 100 |
1 |
|
|a Klein, Felix,
|d 1849-1925
|7 jn19990004393
|4 aut
|
| 245 |
1 |
0 |
|a Einleitung in die höhere Geometrie /
|c von Felix Klein; ausgearbeitet von Fr. Schilling
|
| 264 |
|
1 |
|a Göttingen :
|b [nakladatel není známý],
|c 1893
|
| 300 |
|
|
|a 2 svazky (566; 388 stran) :
|b ilustrace, grafy, vzorce ;
|c 22 cm
|
| 336 |
|
|
|a text
|b txt
|2 rdacontent
|
| 337 |
|
|
|a bez média
|b n
|2 rdamedia
|
| 338 |
|
|
|a svazek
|b nc
|2 rdacarrier
|
| 500 |
|
|
|a Titulní strana a rejstřík obou svazků tištěně, zbytek knihy litografický rukopis
|
| 500 |
|
|
|a Oba svazky obsahují resjtřík
|
| 650 |
0 |
7 |
|a geometrie
|7 psh7300
|x ma
|2 czenas
|
| 650 |
0 |
7 |
|a deskriptivní geometrie
|7 psh7340
|x ma
|2 czenas
|
| 655 |
|
7 |
|a přednášky
|7 fd133199
|2 czenas
|
| 700 |
1 |
|
|a Schilling, Friedrich
|4 edt
|
| 910 |
|
|
|a BOA001
|b 2-0062.323
|s 1-2
|
| 920 |
|
|
|a 000420625
|
| 920 |
|
|
|a 000420623
|
| 990 |
|
|
|a BK
|
| 993 |
|
|
|a Y
|
| 991 |
|
|
|b 202202
|
| 996 |
6 |
|
|b 2619771376
|c 2-0062.323
|d Bd. 2
|v 2
|l MZK
|r Sklad / do 24 hodin
|n 0
|w 001878424
|u 000020
|a 1
|e BOA001
|j MZK50
|s P
|
| 996 |
6 |
|
|b 2619771377
|c 2-0062.323
|d Bd. 1
|v 1
|l MZK
|r Sklad / do 24 hodin
|n 0
|w 001878424
|u 000010
|a 1
|e BOA001
|j MZK50
|s P
|